Lucky man : (Record no. 794)
[ view plain ]
| 000 -LEADER | |
|---|---|
| fixed length control field | 00843cam a2200289 a 4500 |
| 005 - DATE AND TIME OF LATEST TRANSACTION | |
| control field | 20260322212034.0 |
| 008 - FIXED-LENGTH DATA ELEMENTS--GENERAL INFORMATION | |
| fixed length control field | data |
| 016 ## - NATIONAL BIBLIOGRAPHIC AGENCY CONTROL NUMBER | |
| Record control number | 20020126271 |
| 020 ## - INTERNATIONAL STANDARD BOOK NUMBER | |
| International Standard Book Number | 0786867647 |
| 020 ## - INTERNATIONAL STANDARD BOOK NUMBER | |
| International Standard Book Number | 9780786867646 |
| 024 1# - OTHER STANDARD IDENTIFIER | |
| Standard number or code | 780786867646 |
| 040 ## - CATALOGING SOURCE | |
| Original cataloging agency | CaNSH |
| Language of cataloging | eng |
| Transcribing agency | NLC |
| Modifying agency | CtY |
| -- | EPL |
| -- | SFR |
| -- | P@N |
| -- | LHA |
| -- | CtY |
| 043 ## - GEOGRAPHIC AREA CODE | |
| Geographic area code | n-us--- |
| -- | n-us--- |
| 050 #4 - LIBRARY OF CONGRESS CALL NUMBER | |
| Classification number | PN2308.F69 |
| Item number | A3 2002 |
| 055 #2 - CLASSIFICATION NUMBERS ASSIGNED IN CANADA | |
| Classification number | PN2308* |
| 099 ## - LOCAL FREE-TEXT CALL NUMBER (OCLC) | |
| Classification number | FOXMJ |
| 001 - CONTROL NUMBER | |
| control field | data |
| 100 1# - MAIN ENTRY--PERSONAL NAME | |
| Personal name | Fox, Michael J., |
| Dates associated with a name | 1961- |
| 245 10 - TITLE STATEMENT | |
| Title | Lucky man : |
| Remainder of title | a memoir / |
| Statement of responsibility, etc. | Michael J. Fox. |
| 250 ## - EDITION STATEMENT | |
| Edition statement | 1st ed. |
| 260 ## - PUBLICATION, DISTRIBUTION, ETC. | |
| Place of publication, distribution, etc. | New York : |
| Name of publisher, distributor, etc. | Hyperion, |
| Date of publication, distribution, etc. | c2002. |
| 300 ## - PHYSICAL DESCRIPTION | |
| Extent | 260 p. : |
| Other physical details | ill., ports. ; |
| Dimensions | 25 cm. |
| 600 10 - SUBJECT ADDED ENTRY--PERSONAL NAME | |
| Personal name | Fox, Michael J., |
| Dates associated with a name | 1961- |
| 650 #0 - SUBJECT ADDED ENTRY--TOPICAL TERM | |
| Topical term or geographic name entry element | Motion picture actors and actresses |
| Form subdivision | Biography. |
| 650 #0 - SUBJECT ADDED ENTRY--TOPICAL TERM | |
| Topical term or geographic name entry element | Television actors and actresses |
| Form subdivision | Biography. |
| 650 #0 - SUBJECT ADDED ENTRY--TOPICAL TERM | |
| Topical term or geographic name entry element | Parkinson's disease |
| General subdivision | Patients |
| Form subdivision | Biography. |
| Withdrawn status | Lost status | Damaged status | Not for loan | Home library | Current library | Shelving location | Date acquired | Total checkouts | Full call number | Barcode | Date last seen | Price effective from | Koha item type |
|---|---|---|---|---|---|---|---|---|---|---|---|---|---|
| Franklin | Franklin | General stacks | 22/03/2026 | PN2308.F69 A3 2002 | BC0010817 | 22/03/2026 | 22/03/2026 | Books |